Μηναίον του Μαΐου : περιέχον την πρέπουσαν αυτώ άπασαν Ακαλουθίαν, μετά κ' της αναγκαιοτέρας προθήκης του Τυπικού

Αποθηκεύτηκε σε:
Λεπτομέρειες βιβλιογραφικής εγγραφής
Άλλοι συγγραφείς: Παπαδόπουλος, Σπυρίδων, Ιεροδιάκονος (Εκτυπωτής)
Μορφή: Βιβλίο
Γλώσσα:Ancient Greek
Δημοσίευση: Ενετίησι : Παρά Νικολάω Γλυκεί τω εξ Ιωαννίνων, [177-].
Θέματα:
Ετικέτες: Προσθήκη ετικέτας
Δεν υπάρχουν, Καταχωρήστε ετικέτα πρώτοι!

MARC

LEADER 00000cam a2200000 a 4500
001 1/108876
008 150924q177u####it | ||| |||| ||grc||
040 |a GR-MyUa  |b gre  |c GR-MyUa  |e AACR2 
041 0 |a grc 
082 7 |a 220   |2 (23)  
245 0 0 |a Μηναίον του Μαΐου :   |b περιέχον την πρέπουσαν αυτώ άπασαν Ακαλουθίαν, μετά κ' της αναγκαιοτέρας προθήκης του Τυπικού /   |c νεως ι μετατυπωθέν , κ' επιμελώς διορθωθέν παρά του Ιεροδιακόνου Σπυρίδωνος Παπαδοπούλου.  
260 |a Ενετίησι :   |b Παρά Νικολάω Γλυκεί τω εξ Ιωαννίνων,   |c [177-].  
300 |a 116 σ. ;   |c 32 εκ. 
500 |a Λείπει η σελίδα τίτλου και η καταλογογράφηση έχει γίνει βάσει του Μηναίου Φεβρουαρίου. Στο verso αρ. 852 & 1239. Στη σελίδα 3 σφραγίδα "Πορφυριάς Αστική Σχολή Καρλοβασίων".  
610 2 0 |a Orthodox Eastern Church  |x Liturgy  |x Texts. 
700 1 |a Παπαδόπουλος, Σπυρίδων,  |c Ιεροδιάκονος,  |e prt 
852 |a INST  |b SAMOS  |c PORFYRIADA  |e 20150924  |h 220 ΜΗΝ  |p 005300042827  |q 005300042827  |t NOLOAN  |y 23 
970 |a Κοσιέρης  |b Χρήστος  |z 24/09/2015